[Event "ODJM C 2018"]
[Site "Willingen GER"]
[Date "2018.05.21"]
[Round "3"]
[White "Jagodzinsky, Lukas"]
[Black "Senechal, Niklas Bennett"]
[Result "0-1"]
[Termination "normal"]
[Board "19"]
[WhiteElo "840"]
[BlackElo "1395"]
[PlyCount "106"]
[WhiteFideId "16233255"]
[BlackFideId "16231180"]
[EventCountry "GER"]
[EventRounds "9"]
[EventType "swiss"]
[EventDate "2018.05.19"]

1. e4 c6 2. d4 d5 3. Nc3 dxe4 4. Nxe4 Bf5 5. Ng3 Bg6 6. h4 h6 7. h5 Bh7 8. Bd3
Bxd3 9. Qxd3 Nf6 10. Ne4 e6 11. Nxf6+ Qxf6 12. Nf3 Bd6 13. Qe4 Na6 14. Ne5 Nb4
15. Qe2 Qf5 16. Nd3 Nxd3+ 17. Qxd3 Qxd3 18. cxd3 Bc7 19. Rh4 Rd8 20. Rg4 O-O
21. f3 Kh7 22. Be3 Bb6 23. O-O-O e5 24. Rf1 Bxd4 25. Bxd4 Rxd4 26. Rxd4 exd4
27. f4 Re8 28. f5 f6 29. g4 Re3 30. g5 hxg5 31. Kd2 Kh6 32. Re1 Rxe1 33. Kxe1
Kxh5 34. Ke2 Kg4 35. Kd2 Kxf5 36. Kc2 g4 37. Kd2 Kf4 38. Ke2 g3 39. Kf1 Kf3 40.
Kg1 g2 41. b4 b5 42. a3 a6 43. a4 bxa4 44. b5 axb5 45. Kh2 Kf2 46. Kh3 g1=Q 47.
Kh4 Qg5+ 48. Kh3 a3 49. Kh2 a2 50. Kh3 a1=N 51. Kh2 Qg4 52. Kh1 b4 53. Kh2 Qg2#
0-1

[Event "ODJM C 2018"]
[Site "Willingen GER"]
[Date "2018.05.21"]
[Round "3"]
[White "Butenandt, Albrecht"]
[Black "Grozea, Nicolae Theodor"]
[Result "1-0"]
[Termination "normal"]
[Board "20"]
[WhiteElo "1138"]
[BlackElo "972"]
[PlyCount "71"]
[WhiteFideId "16213424"]
[BlackFideId "16266234"]
[EventCountry "GER"]
[EventRounds "9"]
[EventType "swiss"]
[EventDate "2018.05.19"]

1. e4 e5 2. Nf3 Nc6 3. Nc3 Nf6 4. d4 exd4 5. Nxd4 Nxd4 6. Qxd4 b6 7. e5 Bc5 8.
Qf4 Nh5 9. Qf3 c6 10. Qxh5 d5 11. exd6 Qxd6 12. Bc4 Be6 13. Bxe6 Qxe6+ 14. Qe2
O-O 15. Qxe6 fxe6 16. Rf1 Bb4 17. Bd2 Rad8 18. a3 Bd6 19. Rd1 Bxh2 20. g3 Rf5
21. Rh1 Rh5 22. Ne2 Rf8 23. Nf4 Rh6 24. Kf1 e5 25. Nd3 Bxg3 26. Bxh6 gxh6 27.
Rxh6 e4 28. Nb4 Rxf2+ 29. Kg1 e3 30. Rf1 e2 31. Re1 Kf7 32. Rxh7+ Ke6 33. Rh3
Rg2+ 34. Kxg2 Bxe1 35. Re3+ Kf5 36. Rxe2 1-0

[Event "ODJM C 2018"]
[Site "Willingen GER"]
[Date "2018.05.21"]
[Round "3"]
[White "I., Natascha"]
[Black "Bone, Franziska"]
[Result "1-0"]
[Termination "normal"]
[Board "21"]
[WhiteElo "1131"]
[BlackElo "920"]
[PlyCount "57"]
[WhiteFideId "16257545"]
[BlackFideId "16261488"]
[EventCountry "GER"]
[EventRounds "9"]
[EventType "swiss"]
[EventDate "2018.05.19"]

1. e4 e5 2. Nf3 Nc6 3. d4 exd4 4. Nxd4 Nf6 5. Nc3 Bc5 6. Nxc6 bxc6 7. Bd3 d6 8.
Bg5 O-O 9. Qe2 Re8 10. h3 Bd4 11. Rd1 Qd7 12. Bc4 Bxc3+ 13. bxc3 Nxe4 14. Be3
Nxc3 15. Qf3 Nxd1 16. Qxd1 d5 17. Be2 Rb8 18. Bxa7 Rb2 19. O-O Rxa2 20. Be3 Ba6
21. c4 Re4 22. Bd3 Re7 23. Qb1 Ra4 24. Bxh7+ Kf8 25. Bc5 Rxc4 26. Bxe7+ Qxe7
27. Re1 Qc5 28. Qb8+ Bc8 29. Qxc8# 1-0

[Event "ODJM C 2018"]
[Site "Willingen GER"]
[Date "2018.05.21"]
[Round "3"]
[White "Burger, Daiana"]
[Black "Reichel, Sara"]
[Result "0-1"]
[Termination "normal"]
[Board "22"]
[WhiteElo "939"]
[BlackElo "1192"]
[PlyCount "88"]
[WhiteFideId "16217233"]
[BlackFideId "16245130"]
[EventCountry "GER"]
[EventRounds "9"]
[EventType "swiss"]
[EventDate "2018.05.19"]

1. e4 c5 2. Nc3 g6 3. g3 Nc6 4. Bg2 Bg7 5. d3 d6 6. Be3 Qa5 7. Qd2 Nd4 8. h3
Bd7 9. f4 e6 10. a3 Ne7 11. Nge2 Rb8 12. O-O O-O 13. h4 b5 14. Bh3 b4 15. axb4
Qxa1 16. Rxa1 Nf3+ 17. Kg2 Nxd2 18. Bxd2 cxb4 19. Nd1 Nc6 20. c3 a5 21. d4 Ra8
22. d5 Ne7 23. cxb4 axb4 24. Rxa8 Rxa8 25. Bxb4 Ra6 26. b3 f5 27. e5 exd5 28.
exd6 Nc8 29. Ne3 d4 30. Nd5 d3 31. Nc1 d2 32. Bxd2 Rxd6 33. Ne7+ Nxe7 34. Bb4
Re6 35. Kh1 Bc6+ 36. Kh2 Bb2 37. Nd3 Re2+ 38. Kg1 Bd4+ 39. Kf1 Re3 40. Nc1 Bb5+
41. Kg2 Bc6+ 42. Kf1 Nd5 43. Bd2 Rf3+ 44. Kg2 Rf2+ 0-1

[Event "ODJM C 2018"]
[Site "Willingen GER"]
[Date "2018.05.21"]
[Round "3"]
[White "Margaryan, Venera"]
[Black "Grunert, Heinrich"]
[Result "0-1"]
[Termination "normal"]
[Board "23"]
[WhiteElo "991"]
[BlackElo "1212"]
[PlyCount "54"]
[WhiteFideId "16266226"]
[BlackFideId "16213416"]
[EventCountry "GER"]
[EventRounds "9"]
[EventType "swiss"]
[EventDate "2018.05.19"]

1. e4 e5 2. Nf3 Nc6 3. Bc4 Bc5 4. Nc3 Nf6 5. O-O d6 6. h3 O-O 7. d3 h6 8. Nd5
Nxd5 9. Bxd5 Be6 10. Bd2 Bd7 11. Re1 Qf6 12. Bc3 Qg6 13. Nh4 Qg3 14. Qh5 Bxf2+
15. Kh1 Qxh4 16. Qxh4 Bxh4 17. Rf1 Nd4 18. Bxd4 exd4 19. Rad1 c6 20. Bc4 a5 21.
Rf3 b5 22. g3 Be7 23. Bb3 a4 24. Bxf7+ Rxf7 25. Rxf7 Kxf7 26. Rf1+ Kg8 27. Kh2
Rf8 0-1

[Event "ODJM C 2018"]
[Site "Willingen GER"]
[Date "2018.05.21"]
[Round "3"]
[White "Reyher, Bastian"]
[Black "Vianden, Ella"]
[Result "1-0"]
[Termination "normal"]
[Board "24"]
[WhiteElo "1137"]
[BlackElo "1044"]
[PlyCount "47"]
[WhiteFideId "12927465"]
[BlackFideId "16235592"]
[EventCountry "GER"]
[EventRounds "9"]
[EventType "swiss"]
[EventDate "2018.05.19"]

1. e4 e5 2. Bc4 Nf6 3. d3 Nc6 4. Nc3 Be7 5. Nge2 O-O 6. O-O d6 7. f4 a6 8. f5
b5 9. Bd5 Bb7 10. a3 Qb8 11. Qe1 Ng4 12. Qg3 Qa7+ 13. Kh1 h5 14. h3 Nf2+ 15.
Rxf2 Kh7 16. Be3 Qb8 17. Qf3 h4 18. Qh5+ Kg8 19. Bg5 Qa7 20. Raf1 Bxg5 21. Qxg5
Kh8 22. f6 g6 23. Qh6+ Kg8 24. Qg7# 1-0

[Event "ODJM C 2018"]
[Site "Willingen GER"]
[Date "2018.05.21"]
[Round "3"]
[White "Yang, Marco"]
[Black "Borgstädt, Leif"]
[Result "0-1"]
[Termination "normal"]
[Board "25"]
[WhiteElo "1026"]
[BlackElo "1175"]
[PlyCount "65"]
[WhiteFideId "16254260"]
[BlackFideId "16266153"]
[EventCountry "GER"]
[EventRounds "9"]
[EventType "swiss"]
[EventDate "2018.05.19"]

1. e4 e5 2. Nf3 Nf6 3. Nxe5 d6 4. Nf3 Nxe4 5. Qe2 Qe7 6. d3 Nf6 7. Nc3 Qxe2+ 8.
Bxe2 Be7 9. Bg5 Bg4 10. Kd2 Nc6 11. h3 Bf5 12. Rab1 h6 13. Bxf6 Bxf6 14. Nd5
Bd8 15. Rhe1 O-O 16. Nh4 Bxh4 17. Nxc7 Rac8 18. Nb5 Bg5+ 19. Kd1 Rfd8 20. Bf3
a6 21. Nc3 Be6 22. Rc1 Bxc1 23. Kxc1 d5 24. Na4 Rb8 25. Nb6 Rd6 26. Kd2 Nd4 27.
Na4 Nxf3+ 28. gxf3 d4 29. Nc5 Bxa2 30. b3 Rc6 31. Na4 Rbc8 32. Rc1 Bxb3 33. Nb2
0-1

[Event "ODJM C 2018"]
[Site "Willingen GER"]
[Date "2018.05.21"]
[Round "3"]
[White "Ahrens, Merle"]
[Black "Foos, Vanessa"]
[Result "1/2-1/2"]
[Termination "normal"]
[Board "26"]
[WhiteElo "1008"]
[BlackElo "1171"]
[PlyCount "71"]
[WhiteFideId "16266200"]
[BlackFideId "16245270"]
[EventCountry "GER"]
[EventRounds "9"]
[EventType "swiss"]
[EventDate "2018.05.19"]

1. d4 d5 2. e3 Nc6 3. Bb5 Bd7 4. Bxc6 Bxc6 5. Nf3 Nf6 6. O-O e6 7. Nc3 Bd6 8.
b3 O-O 9. Ne2 Bb5 10. a4 Ba6 11. c3 Ne4 12. Bb2 c6 13. Re1 b5 14. axb5 Bxb5 15.
Qc2 c5 16. c4 Bc6 17. dxc5 Nxc5 18. Qc3 f6 19. cxd5 Bxd5 20. Nd2 Rc8 21. Nc4
Nxb3 22. Qxb3 Bxc4 23. Qd1 Qe7 24. Qa4 Rb8 25. Qxc4 Rxb2 26. Reb1 Rxb1+ 27.
Rxb1 Qc7 28. Qxe6+ Kh8 29. g3 Qc2 30. Rc1 Qxe2 31. Qxd6 Re8 32. Qd7 Rg8 33. Rc8
h6 34. Rxg8+ Kxg8 35. Qxa7 Qd1+ 36. Kg2 1/2-1/2

[Event "ODJM C 2018"]
[Site "Willingen GER"]
[Date "2018.05.21"]
[Round "3"]
[White "Wagner, Xaver Korbinian"]
[Black "Basovskiy, Michael"]
[Result "1/2-1/2"]
[Termination "normal"]
[Board "27"]
[WhiteElo "1127"]
[BlackElo "937"]
[PlyCount "84"]
[BlackFideId "16258754"]
[EventCountry "GER"]
[EventRounds "9"]
[EventType "swiss"]
[EventDate "2018.05.19"]

1. e4 c5 2. Nf3 e6 3. Nc3 Nf6 4. Bc4 d5 5. exd5 exd5 6. Bb3 Be6 7. d3 Bd6 8.
Bg5 Nbd7 9. Bxd5 Bxd5 10. Nxd5 O-O 11. O-O h6 12. Bxf6 Nxf6 13. Nxf6+ Qxf6 14.
c3 Rfd8 15. Qc2 Rac8 16. Rad1 Qg6 17. Nh4 Qh7 18. Qb3 Be7 19. Qxb7 Bxh4 20. g3
Qg6 21. Qg2 Bf6 22. a3 Rxd3 23. Qb7 Rcd8 24. Rxd3 Qxd3 25. Qxa7 Qf5 26. Qa5 Qc8
27. Qa4 Qb8 28. Qc2 Rd7 29. Rb1 Rb7 30. Qc1 c4 31. Qd2 Rc7 32. Qf4 Bg5 33. Qd4
Bf6 34. Qe4 Qb7 35. Qe8+ Kh7 36. Qa4 Qc6 37. Qxc6 Rxc6 38. Re1 Rb6 39. Rb1 Kg6
40. Kg2 Kf5 41. Kf3 g5 42. g4+ Kg6 1/2-1/2

[Event "ODJM C 2018"]
[Site "Willingen GER"]
[Date "2018.05.21"]
[Round "3"]
[White "Wellßow, Lio Keanu"]
[Black "Trenkelbach, Cassian Karl"]
[Result "1-0"]
[Termination "normal"]
[Board "28"]
[WhiteElo "1004"]
[BlackElo "1076"]
[PlyCount "79"]
[WhiteFideId "16252837"]
[BlackFideId "16266188"]
[EventCountry "GER"]
[EventRounds "9"]
[EventType "swiss"]
[EventDate "2018.05.19"]

1. e4 e5 2. Nf3 Nc6 3. Nc3 Bc5 4. Bc4 Nf6 5. d4 Bxd4 6. Nxd4 Nxd4 7. Bg5 h6 8.
Bh4 g5 9. Bg3 d6 10. h3 Be6 11. Bd5 Bxd5 12. exd5 Qd7 13. O-O Qf5 14. Re1 e4
15. Qxd4 c5 16. Qa4+ Qd7 17. Bxd6 {unmoeglicher Zug O-O folgt} 17... Kd8 18. --
Re8 19. -- Re7 20. -- Ke8 21. -- Kf8 22. -- Kg8 23. -- Ree8 24. -- 24... Rf8 {
ab hier weiter laut Partieformular} 25. Bxf8 Rxf8 26. Qxd7 Nxd7 27. d6 f5 28.
g3 Re8 29. Rad1 b6 30. Nd5 Re6 31. Nc7 Re5 32. f4 gxf4 33. gxf4 h5 34. fxe5
Nxe5 35. d7 Nxd7 36. Rxd7 Kf8 37. Rf1 Kg8 38. Rxf5 Kh8 39. Ne6 Kg8 40. Rf8# 1-0

[Event "ODJM C 2018"]
[Site "Willingen GER"]
[Date "2018.05.21"]
[Round "3"]
[White "Matiashvili, Alexander Michael"]
[Black "Ahrens, Malte"]
[Result "1/2-1/2"]
[Termination "normal"]
[Board "29"]
[WhiteElo "847"]
[BlackElo "1046"]
[PlyCount "111"]
[WhiteFideId "16266242"]
[BlackFideId "16266196"]
[EventCountry "GER"]
[EventRounds "9"]
[EventType "swiss"]
[EventDate "2018.05.19"]

1. e4 e5 2. Nf3 Nc6 3. Bc4 Bc5 4. O-O d6 5. c3 Nf6 6. d4 Bb6 7. Ng5 O-O 8. Qb3
Qe7 9. d5 Na5 10. Qc2 Nxc4 11. Qd3 Na5 12. b4 Nh5 13. bxa5 Bxa5 14. Na3 Nf4 15.
Qf3 Qxg5 16. Kh1 Bxc3 17. Bxf4 exf4 18. Qxc3 Qe7 19. Rae1 Re8 20. Nb5 c5 21.
dxc6 bxc6 22. Qxc6 Bd7 23. Qc4 Bxb5 24. Qxb5 f5 25. Qd5+ Qe6 26. Qxe6+ Rxe6 27.
exf5 Rxe1 28. Rxe1 Rb8 29. h3 Rb2 30. Rd1 Rxa2 31. Rxd6 Rxf2 32. Ra6 f3 33. Kg1
Rxg2+ 34. Kf1 Rg5 35. Rxa7 Rxf5 36. Ra3 h5 37. Kf2 g5 38. Rxf3 Ra5 39. Rg3 h4
40. Rg4 Kg7 41. Kf3 Kf6 42. Kg2 Kf5 43. Kf3 Ra2 44. Rg2 Rxg2 45. Kxg2 Kf4 46.
Kf2 Ke4 47. Ke2 Kd4 48. Kd2 g4 49. Ke2 gxh3 50. Kf2 Ke4 51. Kg1 Kf3 52. Kh2 Kg4
53. Kh1 Kg3 54. Kg1 Kf3 55. Kh2 Kg4 56. Kh1 1/2-1/2